| LEADER | 00972nam a2200253 4500 | ||
|---|---|---|---|
| 082 | |a 759.9494 |b KL201d | ||
| 100 | |a Phạm Quang Vinh | ||
| 245 | |a Klee |c Phạm Quang Vinh chủ biên, Nguyễn Phú Kim, Nguyễn Quân |b Danh họa thế giới | ||
| 250 | |a In lần thứ 2 | ||
| 260 | |a H. |b Kim Đồng |c 2002 | ||
| 300 | |a 24tr. |c 19cm | ||
| 520 | |a vv | ||
| 653 | |a Nghệ thuật | ||
| 653 | |a Hội họa | ||
| 653 | |a Danh họa | ||
| 653 | |a Thế giới | ||
| 653 | |a Klee | ||
| 653 | |a Paui | ||
| 653 | |a 1879-1940 | ||
| 653 | |a Thụy Sĩ | ||
| 942 | |2 ddc |c STK0 | ||
| 999 | |c 1440 |d 1440 | ||
| 952 | |0 0 |1 0 |2 ddc |4 0 |6 759_949400000000000_KL201D |7 1 |8 700 |9 25912 |a qbu |b qbu |c D5 |d 2014-12-09 |g 15000 |o 759.9494 KL201d |p 4794.C1 |r 0000-00-00 |w 2014-12-09 |y STK0 |0 0 |6 759_949400000000000_KL201D | ||
| 952 | |0 0 |1 0 |2 ddc |4 0 |6 759_949400000000000_KL201D |7 0 |8 700 |9 25913 |a qbu |b qbu |c D5 |d 2014-12-09 |g 15000 |o 759.9494 KL201d |p 4794.C2 |r 0000-00-00 |w 2014-12-09 |y STK0 |0 0 |6 759_949400000000000_KL201D | ||